Word Ladder: Feral Ladder Quiz Stats

 Plays Quiz Updated Feb 4, 2013

Support Sporcle.
Go Orange.
Score 0/22 Timer 02:00
0 Plays Today
Hint four-letter word % Correct
⚜ ____ SIDE STORY ⚜⚜ WEST ⚜
98.4%
____ And GraceWILL
94.6%
In good healthWELL
90.7%
Whip markWELT
89.5%
'The ____, the merrier'MORE
89.2%
⚜ THE ____ OF BRIAN ⚜⚜ LIFE ⚜
88.7%
The Coyote's first nameWILE
85.3%
Where a URL takes youSITE
82.8%
⚜ ____ IN 60 SECONDS ⚜⚜ GONE ⚜
82.1%
Low calorie word in productsLITE
81.3%
Safest salsa varietyMILD
75.6%
Hint four-letter word % Correct
Three ____ IslandMILE
75.2%
American playright VidalGORE
75.1%
Mayberry crimefighter, Barney ____FIFE
68.1%
FenMIRE
66.1%
HBO's urban series, The ____WIRE
60.8%
⚜ CONFLAGRATION ⚜⚜ FIRE ⚜
54.8%
It might be neap or ebbTIDE
54.4%
Timbre componentTONE
50.6%
Pales, serpen, or Philis enderTINE
50.3%
⚜ KIND OF CAR, LINE, OR DISH ⚜⚜ SIDE ⚜
50.1%
⚜ COMMON BOND ⚜⚜ WILD ⚜
43.7%

Today's Daily Dose

You're not logged in!

Compare scores with friends on all Sporcle quizzes.
OR
Log In

From the Vault

America's Next Top Model

by Derek

ANTM chronicles the journey of 14 women trying to be the next Top Model and who gets the fierce contract. Sporcle has its own private competition, but it is not nearly as interesting.
Remove Ads.
Support Sporcle.
Get the best of Sporcle when you Go Orange. This ad-free experience offers more features, more stats, and more fun while also helping to support Sporcle. Thank you for becoming a member.

Show Comments

Extras

Top Quizzes Today


Score Distribution

Your Account Isn't Verified!

In order to create a playlist on Sporcle, you need to verify the email address you used during registration. Go to your Sporcle Settings to finish the process.

Report this User

Report this user for behavior that violates our Community Guidelines.

Details: